LEADER 02256nam 2200553z- 450 001 9910164258403321 005 20170926000504.0 010 $a1-338-11979-6 035 $a(CKB)3710000001057195 035 $a(EXLCZ)993710000001057195 100 $a20170220c2017uuuu -u- - 101 0 $aeng 135 $aur||||||||||| 200 10$aWild Lily /$fK.M. Peyton 210 $cScholastic 311 08$aOnline version: Peyton, K. M., author. Wild Lily First [American] edition. New York : David Fickling Books/Scholastic Inc., 2017 9781338095029 (DLC) 2017005180 330 $aIn 1921 Lily Gabriel is thirteen, motherless, and runs wild on Lockwood estate where her father is the gardener; Antony Sylvester is seventeen, motherless, and the spoiled son of the rich businessman who owns the estate; so when her friendship for Anthony suddenly turns into an impossible love there is bound to be heartbreak in the future--even before the airplane Antony got for his birthday leads to a disaster that will throw a shadow over both their lives. 606 $aTomboys$vJuvenile fiction 606 $aTeenagers$zEngland$y20th century$vJuvenile fiction 606 $aInterpersonal relations$vJuvenile fiction 606 $aFriendship$vJuvenile fiction 606 $aNineteen twenties$vJuvenile fiction 606 $aBildungsromans 606 $aSex role$vFiction 606 $aInterpersonal relations$vFiction 606 $aFriendship$vFiction 606 $aNineteen twenties$vFiction 607 $aEngland$xSocial life and customs$y20th century$vJuvenile fiction 607 $aEngland$xSocial life and customs$y20th century$vFiction 608 $aBildungsromans.$2lcgft 608 $aHistorical fiction.$2lcgft 608 $aRomance fiction.$2lcgft 615 0$aTomboys 615 0$aTeenagers 615 0$aInterpersonal relations 615 0$aFriendship 615 0$aNineteen twenties 615 0$aBildungsromans. 615 1$aSex role 615 1$aInterpersonal relations 615 1$aFriendship 615 1$aNineteen twenties 676 $a823.914 676 $aFic 700 $aPeyton$b K. M.$01244864 906 $aBOOK 912 $a9910164258403321 996 $aWild Lily$92887610 997 $aUNINA LEADER 02948oam 2200505Ka 450 001 9910260614903321 005 20190621223111.0 035 $a(CKB)2670000000263730 035 $a(SSID)ssj0000151571 035 $a(PQKBManifestationID)11146937 035 $a(PQKBTitleCode)TC0000151571 035 $a(PQKBWorkID)10317633 035 $a(PQKB)11642369 035 $a(WaSeSS)Ind00065773 035 $a(OCoLC)827009349$z(OCoLC)1058132327 035 $a(OCoLC-P)827009349 035 $a(MaCbMITP)2887 035 $a(EXLCZ)992670000000263730 100 $a20130208d1995 uy 0 101 0 $aeng 135 $aur||||||||||| 181 $ctxt 182 $cc 183 $acr 200 10$aEvolutionary programming IV $eproceedings of the Fourth Annual Conference on Evolutionary Programming /$fedited by John R. McDonnell, Robert G. Reynolds, and David B. Fogel 210 $aCambridge, Mass. $cMIT Press$dİ1995 215 $a1 online resource (xv, 805 p.) 225 1 $aComplex adaptive systems 300 $a"A Bradford book." 311 $a0-262-29092-8 330 $aMarch 1-3, 1995, San Diego, California Evolutionary programming is one of the predominate algorithms withing the rapidly expanding field of evolutionary computation. These edited contributions to the Fourth Annual Conference on Evolutionary Programming are by leading scientists from academia, industry, and defense. The papers describe both the theory and practical application of evolutionary programming, as well as other methods of evolutionary computation including evolution strategies, genetic algorithms, genetic programming, and cultural algorithms.Topics include :- Novel Areas of Evolutionary Programming and Evolution Strategies.- Evolutionary Computation with Medical Applications.- Issues in Evolutionary Optimization Pattern Discovery, Pattern Recognition, and System Identification.- Hierarchical Levels of Learning.- Self-Adaptation in Evolutionary Computation.- Morphogenic Evolutionary Computation.- Issues in Evolutionary Optimization.- Evolutionary Applications to VLSI and Part Placement.- Applications of Evolutionary Computation to Biology and Biochemistry Control.- Applications of Evolutionary Computation.- Genetic and Inductive Logic Programming.- Genetic Neural Networks.- The Future of Evolutionary Computation.A Bradford Book. Complex Adaptive Systems series. 606 $aEvolutionary programming (Computer science)$vCongresses 610 $aCOMPUTER SCIENCE/General 615 0$aEvolutionary programming (Computer science) 676 $a006.3 701 $aMcDonnell$b John R$g(John Robert),$f1962-$01208765 701 $aReynolds$b Robert G$0213946 701 $aFogel$b David B$028273 712 12$aConference on Evolutionary Programming. 801 0$bOCoLC-P 801 1$bOCoLC-P 906 $aBOOK 912 $a9910260614903321 996 $aEvolutionary programming IV$92788893 997 $aUNINA